000 00341nam a22001457a 4500
020 _a978-93-88548-86-1
041 _aENG
100 _aBasu.D.D
245 _aIntroduction to The Constition of India
250 _a24 Th Edition
260 _aNew Delhi
_bLexisNexis
_c2020
300 _a556
650 _aUPSC
856 _uCompetitive Exam
999 _c211
_d211